Delivering research data management services : (Record no. 28425)

MARC details
000 -LEADER
fixed length control field 01225pam a2200325 i 4500
001 - CONTROL NUMBER
control field 016449589
003 - CONTROL NUMBER IDENTIFIER
control field Uk
005 - DATE AND TIME OF LATEST TRANSACTION
control field 20200705110115.0
008 - FIXED-LENGTH DATA ELEMENTS--GENERAL INFORMATION
fixed length control field 130507s2014 enka 000|0 eng|d
020 ## - INTERNATIONAL STANDARD BOOK NUMBER
International Standard Book Number 9781856049337 (pbk.)
040 ## - CATALOGING SOURCE
Original cataloging agency StDuBDS
Language of cataloging eng
Transcribing agency StDuBDS
Modifying agency Uk
Description conventions rda
082 04 - DEWEY DECIMAL CLASSIFICATION NUMBER
Classification number 025.04
Item number DEL
Edition number 22
245 00 - TITLE STATEMENT
Title Delivering research data management services :
Remainder of title fundamentals of good practice /
Statement of responsibility, etc edited by Graham Pryor, Sarah Jones and Angus Whyte.
264 #1 - PUBLICATION, DISTRIBUTION, ETC. (IMPRINT)
Place of publication, distribution, etc London :
Name of publisher, distributor, etc Facet Publishing,
Date of publication, distribution, etc 2014.
300 ## - PHYSICAL DESCRIPTION
Extent xiv, 242 pages :
Other physical details illustrations ;
Dimensions 24 cm
336 ## - CONTENT TYPE
Content type term text
Source rdacontent
Content type code txt
337 ## - MEDIA TYPE
Media type term unmediated
Source rdamedia
Media type code n
338 ## - CARRIER TYPE
Carrier type term volume
Source rdacarrier
Carrier type code nc
500 ## - GENERAL NOTE
General note Formerly CIP.
Institution to which field applies Uk
650 #0 - SUBJECT ADDED ENTRY--TOPICAL TERM
Topical term or geographic name as entry element Information services
General subdivision Management
Form subdivision Case studies.
650 #0 - SUBJECT ADDED ENTRY--TOPICAL TERM
Topical term or geographic name as entry element Information resources management
Form subdivision Case studies.
650 #0 - SUBJECT ADDED ENTRY--TOPICAL TERM
Topical term or geographic name as entry element Research.
700 1# - ADDED ENTRY--PERSONAL NAME
Personal name Pryor, Graham,
Relator term editor of compilation.
700 1# - ADDED ENTRY--PERSONAL NAME
Personal name Jones, Sarah,
Dates associated with a name 1981-
Relator term editor of compilation.
700 1# - ADDED ENTRY--PERSONAL NAME
Personal name Whyte, Angus,
Dates associated with a name 1959-
Relator term editor of compilation.
9 (RLIN) 7663
942 ## - ADDED ENTRY ELEMENTS (KOHA)
Source of classification or shelving scheme Dewey Decimal Classification
Koha item type Book - Borrowing
Holdings
Withdrawn status Lost status Source of classification or shelving scheme Damaged status Not for loan Collection code Home library Current library Shelving location Date acquired Source of acquisition Total Checkouts Total Renewals Full call number Barcode Checked out Date last seen Date checked out Price effective from Koha item type
    Dewey Decimal Classification     Baccah Central Library Central Library Lower Floor 05/07/2020 Purchase 1 39 025.04 DEL 000049296 20/05/2026 20/07/2020 20/07/2020 05/07/2020 Book - Borrowing